Quizzes
Events
Quiz Creation
Community
Videos
Private Events
Remove Ads
Sign In
Join for FREE
Feedback
Dark Mode
Quiz Categories
Sports
Geography
Music
Movies
Television
Just For Fun
Miscellaneous
History
Literature
Language
Science
Gaming
Entertainment
Religion
Holiday
For Kids
Quiz Lab
Recent
Popular Today
Quiz Kudos Today
Editor Picks
Curator Picks
Quizzes by...
Day
Popularity
Type
Ratings
Length
Year
Community
Subscriptions
Recent Discussions
Orange Saloon
Badges
Playlists
Quests
Create
Leaderboards
Showdown
Live 5
Trivia Bingo
Activity
Puzzle Library
Sporcle Events
Private Events
Virtual Trivia
Globe League
Become a Host
Pub Owners
SporcleCon
Opinionation
Our Games
Videos
Blog
Mobile Apps
Partnerships
Remove Ads and Go Orange
Feedback
Science
Computer
Plants
Astronomy
Chemistry
Elements
Math
Animal
Physics
Anatomy
Biology
Geology
General Science
Science
Computer
Plants
Astronomy
Chemistry
Elements
Math
Animal
Physics
Anatomy
Biology
Geology
General Science
Random Quiz
Search Sporcle
×
Quiz Lab
Quiz Lab
Science
Century
Type in answers that appear in a list
Type in answers that appear in a list
Classic
Best Score? Go Orange.
20th Century Nobel Laureates in Physics Stats
Can you name the nobel prize winners in Physics (1901-1999)?
By
lalls
18m
159 Questions
202 Plays
202 Plays
202 Plays
Comments
Comments
Give Quiz Kudos
Give Quiz Kudos
-
- Ratings
hide this ad
Replay
Link that replays current quiz
Next Quiz
Link to next quiz in quiz playlist
You Got
0%
They Got
Avg Score
20%
Avg Friend Score
Upgrade to see
Score Distribution
Jump to the score distribution portion of the page
Score
0/159
Timer
18:00
0
Plays Today
Year
Winner
% Correct
1921
Albert Einstein
91.1%
1903
Marie Curie
80.7%
1903
Pierre Curie
80.2%
1922
Niels Bohr
72.8%
1975
Aage N. Bohr
72.8%
1932
Werner Heisenberg
65.8%
1965
Richard P. Feynman
63.4%
1933
Erwin Schrödinger
62.4%
1918
Max Planck
57.4%
1933
Paul A.M. Dirac
56.9%
1938
Enrico Fermi
56.4%
1906
J.J. Thomson
53%
1937
George Paget Thomson
52.5%
1901
Wilhelm Conrad Röntgen
51%
1945
Wolfgang Pauli
50%
1903
Henri Becquerel
48%
1989
Wolfgang Paul
48%
1902
Hendrik A. Lorentz
43.6%
1915
William Bragg
41.6%
1915
Lawrence Bragg
41.6%
1954
Max Born
39.6%
1935
James Chadwick
37.1%
1929
Louis de Broglie
36.6%
1902
Pieter Zeeman
34.7%
1907
Albert A. Michelson
32.7%
1927
C.T.R. Wilson
32.7%
1927
Arthur H. Compton
32.7%
1978
Robert Woodrow Wilson
32.7%
1982
Kenneth G. Wilson
32.7%
1910
Johannes Diderik van der Waals
32.2%
1923
Robert A. Millikan
32.2%
1904
Lord Rayleigh
31.7%
1909
Guglielmo Marconi
31.7%
1949
Hideki Yukawa
31.2%
1956
John Bardeen
30.7%
1969
Murray Gell-Mann
30.7%
1972
John Bardeen
30.7%
1957
Tsung-Dao Lee
30.2%
1996
David M. Lee
30.2%
1965
Julian Schwinger
29.7%
1979
Sheldon Glashow
29.7%
1925
Gustav Hertz
29.2%
1930
Sir Venkata Raman
29.2%
1956
William B. Shockley
29.2%
1962
Lev Landau
28.2%
1939
Ernest Lawrence
26.7%
1979
Abdus Salam
25.7%
1972
Leon N. Cooper
25.2%
1936
Carl D. Anderson
24.8%
1955
Willis E. Lamb
24.8%
1977
Philip W. Anderson
24.8%
1905
Philipp Lenard
23.3%
1911
Wilhelm Wien
23.3%
Year
Winner
% Correct
1943
Otto Stern
22.8%
1993
Joseph H. Taylor Jr.
22.8%
1958
Il´ja M. Frank
22.3%
1979
Steven Weinberg
22.3%
1990
Richard E. Taylor
22.3%
1919
Johannes Stark
21.8%
1952
Felix Bloch
21.3%
1963
Eugene Wigner
21.3%
1957
Chen Ning Yang
20.8%
1925
James Franck
20.3%
1947
Edward V. Appleton
20.3%
1977
Sir Nevill F. Mott
20.3%
1964
Charles H. Townes
18.8%
1952
E. M. Purcell
18.3%
1997
Steven Chu
18.3%
1913
Heike Kamerlingh Onnes
17.3%
1944
Isidor Isaac Rabi
17.3%
1978
Arno Penzias
17.3%
1956
Walter H. Brattain
16.8%
1976
Samuel C.C. Ting
16.3%
1997
Claude Cohen-Tannoudji
16.3%
1936
Victor F. Hess
15.8%
1937
Clinton Davisson
15.8%
1968
Luis Alvarez
15.8%
1909
Ferdinand Braun
15.3%
1946
Percy W. Bridgman
15.3%
1950
Cecil Powell
15.3%
1983
Subramanyan Chandrasekhar
15.3%
1914
Max von Laue
14.9%
1948
Patrick M.S. Blackett
14.9%
1928
Owen Willans Richardson
14.4%
1996
Robert C. Richardson
14.4%
1951
Ernest T.S. Walton
13.9%
1951
John Cockcroft
13.4%
1976
Burton Richter
13.4%
1998
Robert B. Laughlin
13.4%
1908
Gabriel Lippmann
12.9%
1967
Hans Bethe
12.9%
1973
Brian D. Josephson
12.9%
1988
Melvin Schwartz
12.9%
1965
Sin-Itiro Tomonaga
12.4%
1998
Daniel C. Tsui
12.4%
1999
Gerardus 't Hooft
12.4%
1912
Gustaf Dalén
11.9%
1975
Ben R. Mottelson
11.9%
1989
Norman F. Ramsey
11.9%
1993
Russell A. Hulse
11.4%
1997
William D. Phillips
11.4%
1974
Antony Hewish
10.9%
1972
Robert Schrieffer
10.4%
1987
K. Alex Müller
10.4%
1959
Owen Chamberlain
9.9%
1975
James Rainwater
9.4%
Year
Winner
% Correct
1977
John H. van Vleck
8.9%
1958
Pavel A. Cherenkov
7.9%
1980
James Cronin
7.9%
1960
Donald A. Glaser
7.4%
1963
J. Hans D. Jensen
7.4%
1983
William A. Fowler
7.4%
1926
Jean Baptiste Perrin
6.9%
1955
Polykarp Kusch
6.9%
1984
Simon van der Meer
6.9%
1999
Martinus J.G. Veltman
6.9%
1958
Igor Y. Tamm
6.4%
1974
Martin Ryle
6.4%
1991
Pierre-Gilles de Gennes
6.4%
1992
Georges Charpak
6.4%
1994
Clifford G. Shull
6.4%
1961
Robert Hofstadter
5.9%
1973
Leo Esaki
5.9%
1980
Val Fitch
5.9%
1988
Leon M. Lederman
5.4%
1917
Charles Glover Barkla
5%
1970
Hannes Alfvén
5%
1971
Dennis Gabor
5%
1984
Carlo Rubbia
5%
1986
Gerd Binnig
5%
1920
Charles Edouard Guillaume
4.5%
1954
Walther Bothe
4.5%
1959
Emilio Segrè
4.5%
1985
Klaus von Klitzing
4.5%
1986
Heinrich Rohrer
4.5%
1995
Martin L. Perl
4.5%
1924
Manne Siegbahn
4%
1961
Rudolf Mössbauer
4%
1973
Ivar Giaever
4%
1978
Pyotr Kapitsa
4%
1981
Kai M. Siegbahn
4%
1986
Ernst Ruska
4%
1990
Jerome I. Friedman
4%
1994
Bertram N. Brockhouse
3.5%
1964
Nicolay G. Basov
3%
1953
Frits Zernike
2.5%
1963
Maria Goeppert-Mayer
2.5%
1964
Aleksandr M. Prokhorov
2.5%
1966
Alfred Kastler
2.5%
1970
Louis Néel
2.5%
1987
J. Georg Bednorz
2.5%
1990
Henry W. Kendall
2.5%
1996
Douglas D. Osheroff
2.5%
1981
Arthur L. Schawlow
2%
1988
Jack Steinberger
2%
1995
Frederick Reines
2%
1998
Horst L. Störmer
2%
1989
Hans G. Dehmelt
1.5%
1981
Nicolaas Bloembergen
0.5%
Quiz Playlist
Details
Report
Send in Message
Add To Playlist
Classic:
Type in answers that appear in a list
Quiz Source
Last Updated: Feb 16, 2017
Quiz Scoreboard
CHALLENGE
Sign Up to Join the Scoreboard
Show All
Scores
Hide
Comments
May contain spoilers
Recently Published
9x9 Crossword: Cartoon Network
by jackfrog10
Miscellaneous
3m
College Basketball Coaching Resumes
by pancakes188
Sports
9m
Billboard Blitz: Fleetwood Mac
by CooCooCachoo
Music
15s
More to Explore
Quiz From the Vault
Featured Blog Post
Where Did the Easter Bunny Come From?
hide this ad
You Might Also Like...
Tags
Century Quiz
Physics Quiz
20th Century
laureate
nobel
Nobel Prize
Prize
Winner
Today's Top Quizzes in Science
Browse Science
hide this ad
Today's Top Quizzes in Century
Browse Century
Top Contributed Quizzes in Science
1
Quick Pick: Radians
2
Quick Pick: 'CI-CJ' Animals
3
The First 100 Digits of Pi
4
Elements In Images
5
One Thing in Common: Science
6
Science Jokes
7
One Thing in Common: Animals
8
One Thing in Common: Science II
9
Name the Acid, Base or Salt
10
One Thing in Common: Science III
Explore More
Trending Topics
Marvel
Crossword
Anime
Kpop
Disney
Harry Potter
NBA
NFL
The Office
WWE
Country
Song
Pokémon
Soccer
Puzzle
hide this ad
More By:
lalls
Quiz
Plays
Rating
Category
Featured
Created
Starcraft II Research (By Icon)
838
4.83
Gaming
May 17, 2011
Countries with most Internet Hosts
411
4.43
Geography
Sep 24, 2009
Electrical/Mechanical Analogs
304
3.25
Science
Oct 13, 2009
20th Century Nobel Laureates in Physics
202
4.33
Science
Sep 23, 2009
Electronic-Hydraulic Analogies
159
4.50
Science
Oct 14, 2009
Go to Creator's Profile
Score Distribution
Quiz Creator Spotlight
lalls
Follow
Send a Message
Quizzes Created
-
Created Quiz Play Count
-
More By This Creator
Popular Quizzes Today
1
Find the US States - No Outlines Minefield
2
Find the Countries of Europe - No Outlines Minefield
3
The Countries of the World
4
Find the US States
5
Risky Map Clicking: Biggest States A-Z
6
US States
7
Popular People in 1961
8
Movies - When Are They Set?
More Science Quizzes
Earth's Crust Elements
Published
Trending Quizzes
Risky Map Clicking: Least Populous States A-Z
1-10 Letter G Words
Risky Map Clicking: Next State Alphabetically
Adjectives in 80s TV Shows
Risky Map Clicking: Biggest States A-Z
Recently Updated
Leaping Animals
pecheneg
Reality TV Shows (A-Z)
bhenderson79
Rickey Henderson's Hall of Fame Teammates
pecheneg
Champions League XIs: Arsenal
pecheneg
Quick Pick: Celebrities in WWE's Hall of Fame
aduchscher
A-Z Keypad Blitz II
pecheneg
Multiple Oscar Actors
pecheneg
Mystery Phrase Blitz: Oscar 'Best Actors'
pecheneg
F. Scott Fitzgerald Novels
LTH
Pick 3 Villains
ddd62291
Trending Topics
Marvel
Anime
Crossword
NBA
Kpop
Harry Potter
Disney
Country
Pokémon
WWE
The Office
Soccer
Song
NFL
Puzzle
Your Account Isn't Verified!
In order to create a playlist on Sporcle, you need to verify the email address you used during registration. Go to your
Sporcle Settings
to finish the process.
Report this User
Report this user for behavior that violates our
Community Guidelines
.
Details:
Send Report
Go to the Sporcle.com Mobile Site →
Comments